Stealing history : tomb raiders, smugglers, and the looting of the ancient world /
محفوظ في:
المؤلف الرئيسي:
التنسيق: كتاب
اللغة: English
منشور في:
New York :
St. Martin's Press,
2004.
الطبعة: 1st ed.
الموضوعات:
الوسوم: إضافة وسم
لا توجد وسوم, كن أول من يضع وسما على هذه التسجيلة!
رقم الطلب: CC135 .A85 2004
| LEADER | 01343namaa2200289 4500 | ||
|---|---|---|---|
| 001 | 12088 | ||
| 003 | OSt | ||
| 005 | 20240818110159.0 | ||
| 008 | 130303s2004 nyuabf b 001 0 eng d | ||
| 952 | |0 0 |1 0 |2 lcc |4 0 |6 CC0135 A85 02004 |7 1 |9 57693 |a ARCE |b ARCE |d 2023-12-14 |l 0 |o CC135 .A85 2004 |p 1015509 |r 2023-12-14 00:00:00 |w 2023-12-14 |y BK | ||
| 999 | |c 12351 |d 12351 | ||
| 010 | |a 2004050862 | ||
| 020 | |a 0312324065 | ||
| 040 | |c ARCE Library | ||
| 050 | 4 | |a CC135 .A85 2004 | |
| 100 | 1 | |a Atwood, Roger, |e author | |
| 245 | 1 | 0 | |a Stealing history : |b tomb raiders, smugglers, and the looting of the ancient world / |c Roger Atwood. |
| 250 | |a 1st ed. | ||
| 264 | 1 | |a New York : |b St. Martin's Press, |c 2004. | |
| 300 | |a 337 pages, [16] p. of plates : |b illustrations, 1 map ; |c 25 cm. | ||
| 504 | |a Includes bibliographical references (pages [315]-322) and index. | ||
| 505 | 0 | |a Introduction: Looters in the Temple Part 1. 1. Looking for a Tomb 2. Twenty-three Feet Down 3. The Excavators 4. Backflap 5. Gold Man 6. Lord of Sipan 7. The Dealer Part 2. 8. The Actual Object 9. The Smugglers 10. The Consul 11. The Golden Rattle 12. The Jaguar's Head Part 3. 13. The Brigades 14. Recovering the Past 15. Coming Home. | |
| 650 | 0 | |a Archaeological thefts. | |
| 650 | 0 | |a Art thefts. | |
| 650 | 0 | |a Cultural property |x Protection. | |
| 901 | |a reviewed | ||
| 942 | |c BK |2 lcc | ||
